| 000 | 00667cam a2200229Ia 4500 | ||
|---|---|---|---|
| 999 |
_c10269 _d10269 |
||
| 001 | 25854606 | ||
| 003 | OCoLC | ||
| 005 | 20241126110728.0 | ||
| 008 | 920521r19901956enk b 000 0 eng d | ||
| 020 | _a0140135553 (pbk.) | ||
| 040 |
_aKKQ _cKKQ _dNSB _dTOL _dUtOrBLW |
||
| 082 |
_a297 _bGUI |
||
| 100 | 1 |
_aGuillaume, Alfred, _d1888-1965 _917851 |
|
| 245 | 1 | 0 |
_aIslam / _cby Alfred Guillaume |
| 250 | _aRev. ed | ||
| 260 |
_aLondon, England ; _aNew York, N.Y. : _bPenguin Books, _c1990, c1956 |
||
| 300 |
_a210 p. ; _c19 cm |
||
| 500 | _aIncludes index | ||
| 504 | _aIncludes bibliographical references (p. 203-[206]) | ||
| 650 | 0 |
_aIslam _91511 |
|
| 942 |
_2ddc _cBK _01 |
||